00708nam a2200229 a 4500001001300000003000900013005001700022008004100039020002300080082001700103100002200120245006800142260002500210300000900235500003500244650002500279700002200304902000800326942000700334952012000341999001700461nice12345678IN_TiNIC20260116014929.0100209s2002 lona grp 000 0 eng  a9780281055074c10000a201.615bRED aRedgrave, Kenneth aAnxious Christiansb Psychological Problems and Christian Faith aLondon bSPCK c2002 a179p aincludes index and biblioraphy aPsychology-Religious1 aRedgrave, Kenneth bSRS cBK 001040708StackRoom-aHMIbHMId2010-02-09g100.00l0o201.615 REDp11002132r2010-02-09v100.00w2010-02-09yBK c17593d17593